<?xml version="1.0" encoding="UTF-8"?>
<record
    xmlns:xsi="http://www.w3.org/2001/XMLSchema-instance"
    xsi:schemaLocation="http://www.loc.gov/MARC21/slim http://www.loc.gov/standards/marcxml/schema/MARC21slim.xsd"
    xmlns="http://www.loc.gov/MARC21/slim">

  <leader>01187    a2200169   4500</leader>
  <controlfield tag="003">NUST</controlfield>
  <controlfield tag="005">20221214172342.0</controlfield>
  <datafield tag="040" ind1=" " ind2=" ">
    <subfield code="c">Nust</subfield>
  </datafield>
  <datafield tag="082" ind1=" " ind2=" ">
    <subfield code="a">317.2,TEA</subfield>
  </datafield>
  <datafield tag="100" ind1=" " ind2=" ">
    <subfield code="a">Barnett.P.A</subfield>
    <subfield code="9">104876</subfield>
  </datafield>
  <datafield tag="245" ind1=" " ind2=" ">
    <subfield code="a">Teaching and Organisation :</subfield>
    <subfield code="b">A Manual of Practice /</subfield>
    <subfield code="c"> Edited by P.A. Barnett</subfield>
  </datafield>
  <datafield tag="260" ind1=" " ind2=" ">
    <subfield code="a">london</subfield>
    <subfield code="b">longmans Green</subfield>
    <subfield code="c">1916</subfield>
  </datafield>
  <datafield tag="300" ind1=" " ind2=" ">
    <subfield code="a">xix, 418:p.;</subfield>
  </datafield>
  <datafield tag="505" ind1=" " ind2=" ">
    <subfield code="a">The Criteria in Education (Page-1), Organization and Curricula (Page-14), The Kindergarten (Page-34), Reading and Speaking (Page-45), Writing (Page-56), Drawing (Page-63), Mathematics (Page-78), Mathematics (Page-79), On the Teaching of English Grammar (Page-98), English Literature (Page-136), Modern History (Page-161), Ancient History (Page-180), Geography (Page-199), Classical Teaching (Page-211), Classical Teaching (Page-214), The Teaching of Modern Languages (Page-261), Vocal Music (Page-281), Ineffectiveness&#x2019; in Teaching (Page-313), Specialisation (Page-332), School Libraries (Page-344), Health and Physical Culture (Page-356), Furniture Apparatus and Appliances (Page-384), Organisation and Curricula in Girls Schools (Page-398).</subfield>
  </datafield>
  <datafield tag="650" ind1=" " ind2=" ">
    <subfield code="a"> Organisation</subfield>
    <subfield code="9">104877</subfield>
  </datafield>
  <datafield tag="942" ind1=" " ind2=" ">
    <subfield code="2">ddc</subfield>
    <subfield code="c">BK</subfield>
    <subfield code="k">317.2,TEA</subfield>
  </datafield>
  <datafield tag="999" ind1=" " ind2=" ">
    <subfield code="c">184880</subfield>
    <subfield code="d">184880</subfield>
  </datafield>
  <datafield tag="952" ind1=" " ind2=" ">
    <subfield code="0">0</subfield>
    <subfield code="1">0</subfield>
    <subfield code="2">ddc</subfield>
    <subfield code="4">0</subfield>
    <subfield code="7">0</subfield>
    <subfield code="a">MCS</subfield>
    <subfield code="b">MCS</subfield>
    <subfield code="c">GEN</subfield>
    <subfield code="d">2016-12-12</subfield>
    <subfield code="o">317.2,TEA</subfield>
    <subfield code="p">MCS30050</subfield>
    <subfield code="r">2016-12-08</subfield>
    <subfield code="w">2016-12-12</subfield>
    <subfield code="y">BK</subfield>
    <subfield code="z">Almirah No.49, Shelf No.3</subfield>
  </datafield>
</record>
